000 01748aam a2200229 i 4500
003 KPN
005 20260427123512.0
008 20260427b 00| 0 eng d
020 _a9781668001226
_qpaperback
040 _cKPN
082 0 4 _aBI FD HOO 2022
_223
090 2 0 _bHOO
100 1 _aHoover, Colleen,
_eauthor.
245 1 0 _aIt starts with us /
_cCollen Hoover
264 1 _aLondon :
_bSimon & Schuster,
_c2022
300 _a323 pages ;
_c25 cm
521 _aLily and Ryle have just settled into a civil co-parenting rhythm with their daughter, Emerson, when Lily suddenly runs into Atlas nearly two years after they last spoke. Elated that the timing finally seems to be right to give what they have together a real chance, Atlas asks Lily on a date. But Lily's excitement is almost immediately replaced by dread and anxiety when Lily remembers that Ryle, though no longer her husband, is still very much part of her life. And though Ryle would dislike Lily dating anyone but him, Atlas Corrigan is the one man he absolutely will not stand having in his ex-wife and daughter's lives. Told from the perspectives of Lily and Atlas, It Starts with Us gives readers a deeper look into Atlas's past as he and Lily reconnect and rekindle the love they shared as teenagers while navigating a volatile ex-husband who believes Atlas to be one of the reasons his marriage with Lily ended. It Starts with Us picks up right where the epilogue for the "glorious and touching" (USA Today) It Ends with Us left off, giving readers the exhilarating sequel to Colleen's bestselling phenomenon they have been begging for!
650 1 0 _aDivorced mothers
_vFiction
650 2 0 _aMan-woman relationships
_vFiction
650 2 0 _aRomance fiction
942 _2ddc
_c1
_n0
999 _c1835
_d1835